000 00686nam a2200265Ia 4500
005 20260121170025.0
008 008 260114s9999 xx 000 0 eng d
020 _a9783319530406
037 _aEBOOK
040 _aCRL
040 _beng
040 _cCRL
041 _2eng
041 _aeng
084 _qCRL
100 _aRafael Martínez-Guerra, Christopher Diego Cruz-Ancona
_91058865
245 0 _aAlgorithms of Estimation for Nonlinear Systems
260 _bSpringer
260 _bSpringer
260 _c2017
856 _uhttps://link.springer.com/openurl?genre=book&isbn=978-3-319-53040-6
942 _cEBOOK
999 _c1624594
_d1624594